Planning of experiments (Record no. 611932)

000 -LEADER
fixed length control field 00342nam a22001337a 4500
020 ## - INTERNATIONAL STANDARD BOOK NUMBER
International Standard Book Number 471181862
040 ## - CATALOGING SOURCE
Transcribing agency Nust
082 ## - DEWEY DECIMAL CLASSIFICATION NUMBER
Classification number 620.0044
Author Mark COX'P
100 ## - MAIN ENTRY--PERSONAL NAME
Personal name D.R Cox
9 (RLIN) 126164
245 ## - TITLE STATEMENT
Title Planning of experiments
260 ## - PUBLICATION, DISTRIBUTION, ETC.
Place of publication, distribution, etc. New York:
Name of publisher, distributor, etc. John Willey and sons Inc,
Date of publication, distribution, etc. 1958.
650 ## - SUBJECT ADDED ENTRY--TOPICAL TERM
Topical term or geographic name entry element Planning of experiments
9 (RLIN) 126165
942 ## - ADDED ENTRY ELEMENTS (KOHA)
Source of classification or shelving scheme
Koha item type Book
Holdings
Withdrawn status Lost status Source of classification or shelving scheme Damaged status Not for loan Permanent Location Current Location Shelving location Date acquired Full call number Barcode Date last seen Price effective from Koha item type Public note
          College of Electrical & Mechanical Engineering (CEME) College of Electrical & Mechanical Engineering (CEME) General Stacks 09/30/2024 620.0044 COX'P CEME- 32133 09/30/2024 09/30/2024 Book 4.1
© 2023 Central Library, National University of Sciences and Technology. All Rights Reserved.